|
|
|
|
| LEADER |
01017nam a2200253 a 4500 |
| 001 |
13913815 |
| 008 |
100523s2005 pau b 001 0 eng d |
| 010 |
|
|
|a \\2005008636
|
| 020 |
|
|
|a 0791082253 (hc)
|
| 020 |
|
|
|a 0791083640 (pb)
|
| 040 |
|
|
|a DLC
|c DLC
|d DLC
|d BD-DhAAL
|
| 082 |
0 |
0 |
|a 809.1/03
|2 22
|
| 100 |
1 |
|
|a Bloom, Harold.
|
| 245 |
1 |
0 |
|a Poets and poems /
|c Harold Bloom.
|
| 260 |
|
|
|a Philadelphia :
|b Chelsea House Publishers,
|c c2005.
|
| 300 |
|
|
|a xvii, 488 p. ;
|c 25 cm.
|
| 490 |
1 |
|
|a Bloom's literary criticism 20th anniversary collection
|
| 504 |
|
|
|a Includes bibliographical references (p. 468-470) and index.
|
| 541 |
1 |
|
|e 00020308
|
| 650 |
|
0 |
|a Poetry, Modern
|x History and criticism.
|
| 830 |
1 |
|
|a Bloom, Harold.
|t Bloom's literary criticism 20th anniversary collection.
|
| 852 |
4 |
|
|a Ayesha Abed Library
|j General Shelf
|
| 999 |
|
|
|c 8684
|d 8684
|
| 952 |
|
|
|0 0
|1 4
|2 ddc
|4 0
|6 809_103000000000000_BLO
|7 0
|9 10447
|a BRACUL
|b BRACUL
|c GEN
|d 2010-05-24
|l 0
|o 809.103 BLO
|p 3010020308
|r 2010-05-24
|t 1
|w 2010-05-24
|y BK
|x Koha Inventory 2020
|